Socioeconomic Factors and Shifts in Ideological Orientation Among Political Parties: Parliamentary Elections in Slovakia From 1998 To 2020

Analýza volebných výsledkov politických strán a ideologických blokov v parlamentných voľbách v Slovenskej republike v rokoch 1998 až 2020 v 79 okresoch. Politická situácia na Slovensku v rokoch 1998 až 2020.

Saved in:
Bibliographic Details
Main Author: Bačo, Tomáš, 1981-
Other Authors: Baumöhl, Eduard, 1982-
Format: Book Chapter
Language:English
Subjects:
Tags: Add Tag
No Tags, Be the first to tag this record!

MARC

LEADER 00000naa a2200000 4500
001 0280848
005 20240502083858.8
041 0 |a eng 
044 |a DE 
245 1 0 |a Socioeconomic Factors and Shifts in Ideological Orientation Among Political Parties: Parliamentary Elections in Slovakia From 1998 To 2020  |c Tomáš Bačo, Eduard Baumöhl 
520 |a Analýza volebných výsledkov politických strán a ideologických blokov v parlamentných voľbách v Slovenskej republike v rokoch 1998 až 2020 v 79 okresoch. Politická situácia na Slovensku v rokoch 1998 až 2020. 
610 2 0 |a politika 
610 2 0 |a populizmus 
610 2 0 |a voľby 
100 1 |a Bačo, Tomáš, 1981- 
700 1 |a Baumöhl, Eduard, 1982-